000 00316nam a2200133Ia 4500
008 260604s9999 xx 000 0 und d
020 _a9781472853639
082 _a956.7 STU
100 _aHeather marie stur
_935895
245 0 _a21 Days to Baghdad
260 _bOsprey Publishing
500 _aHistory
942 _cBK
999 _c8734
_d8734